Mecánica para ingeniería : dinámica
Guardado en:
| Autor principal: | |
|---|---|
| Otros Autores: | |
| Formato: | Libro |
| Publicado: |
Buenos Aires, Argentina : Addison Wesley Iberoamericana
1996
|
| Materias: | |
| Etiquetas: |
Agregar Etiqueta
Sin Etiquetas, Sea el primero en etiquetar este registro!
|
MARC
| LEADER | 00000nam a2200000Ia 4500 | ||
|---|---|---|---|
| 003 | 000216 | ||
| 005 | 20221231144015.0 | ||
| 008 | 140114s1996 a a 000 ||s d | ||
| 040 | |c cru CEDI | ||
| 082 | |a 620.104 B411m | ||
| 100 | |a Bedford, Anthony |9 18828 | ||
| 245 | |a Mecánica para ingeniería : dinámica | ||
| 260 | |a Buenos Aires, Argentina : Addison Wesley Iberoamericana |c 1996 | ||
| 300 | |a xvi, 548 páginas : ilustraciones a color | ||
| 500 | |a Traducción de: Engineering mechanics : dynamics. Versión en español de José E. de la Cera Alonso; con la colaboración de Antonio Martín-Lunas. | ||
| 648 | |x INGENIERÍA MECÁNICA |x DINAMICA |9 18830 | ||
| 700 | |9 18829 |a Fowler, Wallace | ||
| 942 | |2 ddc |c BK | ||
| 999 | |c 15531 |d 15531 | ||
